Collected plays/ (Record no. 164328)

MARC details
000 -LEADER
fixed length control field 00662nam a22002057a 4500
005 - DATE AND TIME OF LATEST TRANSACTION
control field 20190516122039.0
010 ## - LCCN (DPL NO)
LC control number B-225824
020 ## - INTERNATIONAL STANDARD BOOK NUMBER
International Standard Book Number 9780195673104
Terms of availability 00.00
035 ## - SYSTEM CONTROL NUMBER
System control number B-225824
037 ## - SOURCE OF ACQUISITION
Source of stock number/acquisition DBAD/PUB
082 ## - DEWEY DECIMAL CLASSIFICATION NUMBER
Classification number 882
100 ## - MAIN ENTRY--PERSONAL NAME
Personal name Karnad, Girish
245 ## - TITLE STATEMENT
Title Collected plays/
Statement of responsibility, etc Girish Karnad
260 ## - PUBLICATION, DISTRIBUTION, ETC. (IMPRINT)
Place of publication, distribution, etc New Delhi
Name of publisher, distributor, etc Oxford university press
Date of publication, distribution, etc 2005
270 ## - ADDRESS
Address YMCA library building,jai singh road,
City New Delhi
Postal code 110001
300 ## - PHYSICAL DESCRIPTION
Extent xxxvi,318p.
Dimensions 21cm.(Hbk)
490 ## - SERIES STATEMENT
Volume number/sequential designation vol.-1
942 ## - ADDED ENTRY ELEMENTS (KOHA)
Source of classification or shelving scheme Dewey Decimal Classification
Item type English Books
Classification part 882
Call number suffix KAR
Holdings
Withdrawn status Lost status Not for loan Collection code Home library Current library Date acquired Source of acquisition Cost, normal purchase price Full call number Barcode Copy number Cost, replacement price Koha item type
    Ordered Non-fiction Central Library Central Library 16/05/2019 DBAD/PUB 0.00 882 KAR B-225824 1 0.00 English Books

© Delhi Public Library
Hit Counter
free hit counter